000
00211 a2200097 4500
001
43566
100
_a
Barrie
245
_a
Admirable crichton
260
_a
London
_b
Hodder & Stoughton
_c
090
_c
27381
_d
27381
942
_a
NUST-CAE
_c
M
_c
19315
999
_c
278639
_d
278639